01039 am a2200289 a 450000500170000000800410001702000150005804100080007309200210008110000220010224500380012425000110016226000440017330000110021750000810022859000420030965300230035165300340037465300760040865300480048465300250053265300430055793000090060094200120060999900130062195201150063420240222135055.0100701s1997||||ag # f |||| 001 0 spa d a9509129771 aspa c614.072l82sTES1 aTesta, Mario.924 aPensar en salud / cMario Testa. a2a ed. aBuenos Aires: bLugar Editorial;c1997. a233 p. aTesta, M. (1997). Pensar en salud. (2a ed.). Buenos Aires : Lugar Editorial. aDonación Editorial Lugar, Nov. 2005 aEnseñar medicina aTendencias en planificación aProblemas sociales y cuestión nacional (el dilema de la asignación) aAtención ¿primaria o primitiva? de salud aTecnología y salud aCiencias sociales y salud en Argentina a1357 2ddccBK c460d460 00104070aBFMbBFMcCRd2011-05-13l6m4o614.072 82 TESp1357r2024-06-13s2024-06-06tej.1w2011-05-13yBK